JR3社以上の車両が乗り入れる駅 - Statistics

General Stats
  • This quiz has been taken 844 times
    832 since last reset
  • The average score is 25 of 30
Answer Stats
Hint Answer % Correct
北海道/東日本/東海/西日本 東京
100%
東海/西日本/九州 新大阪
95%
北海道/東日本/西日本 上野
94%
北海道/東日本/西日本 大宮
94%
東日本/東海/西日本 品川
94%
東海/西日本/四国/九州 岡山
94%
東海/西日本/九州 博多
94%
東日本/東海/西日本 熱海
93%
東日本/東海/西日本 小田原
92%
東海/西日本/九州 新神戸
92%
東海/西日本/九州 広島
92%
東海/西日本/九州 小倉
92%
東海/西日本/九州 姫路
91%
東日本/東海/西日本 新横浜
90%
東海/西日本/九州 新山口
90%
東日本/東海/西日本 三島
88%
東海/西日本/九州 西明石
88%
東海/西日本/九州 福山
88%
東海/西日本/九州 新下関
88%
東海/西日本/四国 高松
87%
東海/西日本/九州 相生
85%
東海/西日本/九州 徳山
83%
東海/西日本/九州 三原
80%
東海/西日本/四国 児島
75%
東海/西日本/四国 坂出
74%
東日本/東海/西日本 長野
69%
東日本/東海/西日本 富山
66%
東日本/東海/西日本 沼津
65%
東日本/東海/西日本 横浜
55%
東海/西日本/四国 茶屋町
54%
No matching quizzes found
Score Distribution
Percent of People with Each Score
Percentile by Number Answered
Your Score History
You have not taken this quiz since the last reset